Burman v Mount Cook Land Ltd (Record no. 66428)

MARC details
000 -LEADER
fixed length control field 01223cam a2200217 4500
001 - CONTROL NUMBER
control field ABS63736
008 - FIXED-LENGTH DATA ELEMENTS--GENERAL INFORMATION
fixed length control field 000000n2001 000 0 eng u
035 ## - SYSTEM CONTROL NUMBER
System control number (Sirsi) u111483
245 ## - TITLE STATEMENT
Title Burman v Mount Cook Land Ltd
260 ## - PUBLICATION, DISTRIBUTION, ETC.
Date of publication, distribution, etc. 2001
490 ## - SERIES STATEMENT
Series statement Estates Gazette
Volume/sequential designation [2001] 10 EG, 164-166(3)
520 ## - SUMMARY, ETC.
Summary, etc. Central London CC 20 November 2000. Under the Leasehold Reform, Housing and Urban Development Act 1993 s42, tenant (A) sought a new lease, and proposed a premium of £110,000. In a counternotice landlord (B) proposed a premium of £175,000. A contended B's counternotice was invalid, as it failed to admit A's claim, and claimed entitlement to an extended lease at the amount specified in his claim notice. "Held". Claim dismissed. A had been unreasonable in thinking B's counternotice did not admit the right to a new lease. The counternotice was valid for the purposes of s45(2)(a) of the 1993 Act.
590 ## - LOCAL NOTE (RLIN)
Local note ABS
650 ## - SUBJECT ADDED ENTRY--TOPICAL TERM
Topical term or geographic name entry element LEASEHOLD ENFRANCHISEMENT
650 ## - SUBJECT ADDED ENTRY--TOPICAL TERM
Topical term or geographic name entry element EXTENDED LEASES
650 ## - SUBJECT ADDED ENTRY--TOPICAL TERM
Topical term or geographic name entry element BURMAN V MOUNT COOK LAND LTD
650 ## - SUBJECT ADDED ENTRY--TOPICAL TERM
Topical term or geographic name entry element LEASEHOLD REFORM, HOUSING AND URBAN DEVELOPMENT ACT 1993
650 ## - SUBJECT ADDED ENTRY--TOPICAL TERM
Topical term or geographic name entry element COUNTER NOTICE
690 ## - LOCAL SUBJECT ADDED ENTRY--TOPICAL TERM (OCLC, RLIN)
Topical term or geographic name as entry element LANDLORD AND TENANT-LEASES-CASE LAW
942 ## - ADDED ENTRY ELEMENTS (KOHA)
Suppress in OPAC 0
Holdings
Withdrawn status Lost status Source of classification or shelving scheme Damaged status Not for loan Home library Current library Shelving location Date acquired Total Checkouts Full call number Barcode Date last seen Copy number Price effective from Koha item type
    Dewey Decimal Classification     London London Journal article 19/03/2001   ABS63736 111483-1001 06/08/2019 1 06/08/2019 Law report